000 00549nam a2200145Ia 4500
008 100204s9999 xx 000 0 und d
082 _b2445
100 _aअष्टीकर मंदाकिनी
245 _aढगामधला पुसल्या रेषा
260 _b"हेमचंद्र प्रकाशन , मुंबई"
_c1977
300 _a321
630 _aढगामधला पुसल्या रेषा
730 _aढगामधला पुसल्या रेषा
942 _cBOOK
999 _c447530
_d447527